Epic Rap Battles of History Lyrics: Adolf Hitler vs. My Dad - Statistics

General Stats
  • This quiz has been taken 163 times
  • The average score is 4 of 6
Answer Stats
Answer % Correct
I
95%
you
71%
agree
60%
with
60%
everything
56%
on
53%
No matching quizzes found
Score Distribution
Percent of People with Each Score
Percentile by Number Answered
Your Score History
You have not taken this quiz